|
|
|
|
| LEADER |
00000nam0a2200000 4500 |
| 001 |
91594 |
| 005 |
20231031104141.0 |
| 035 |
|
|
|a (RuTPU)RU\TPU\book\98183
|
| 090 |
|
|
|a 91594
|
| 100 |
|
|
|a 20060227d1955 m y0rusy50 ca
|
| 101 |
0 |
|
|a rus
|
| 102 |
|
|
|a RU
|
| 105 |
|
|
|a a z 001zy
|
| 200 |
1 |
|
|a Исследование пьезоэлектрических текстур
|f А. В. Шубников [и др.]
|g Институт кристаллографии
|
| 210 |
|
|
|a Москва
|c Изд-во Академии наук СССР
|d 1955
|a Ленинград
|
| 215 |
|
|
|a 191 с.
|c ил.
|
| 320 |
|
|
|a Библиогр.: с. 184-186.
|
| 610 |
1 |
|
|a пьезоэлектрические текстуры
|
| 610 |
1 |
|
|a текстуры
|
| 610 |
1 |
|
|a поляризация
|
| 610 |
1 |
|
|a электрические свойства
|
| 610 |
1 |
|
|a физические свойства
|
| 610 |
1 |
|
|a приготовление
|
| 675 |
|
|
|a 537
|v 3
|
| 701 |
|
1 |
|a Шубников
|b А. В.
|
| 701 |
|
1 |
|a Желудев
|b И. С.
|
| 701 |
|
1 |
|a Константинова
|b В. П.
|
| 701 |
|
1 |
|a Сильвестрова
|b И. М.
|
| 712 |
0 |
2 |
|a Академия наук СССР (АН СССР)
|b Институт кристаллографии им. А. В. Шубникова (ИК)
|c (Москва)
|2 stltpush
|3 (RuTPU)RU\TPU\col\11554
|
| 801 |
|
1 |
|a RU
|b 63413507
|c 20060227
|g PSBO
|
| 801 |
|
2 |
|a RU
|b 63413507
|c 20080325
|g PSBO
|
| 942 |
|
|
|c BK
|